00512nam a2200157 a 4500008004100000020001800041050001700059100001800076245007100094260005600165300001600221350000900237500002800246650004300274650003700317160405s2007 ||||||||||||||||| || u a9788180619670 aRC 925.5 Ebn aEbnezar, John10aStep by step injection techniques in orthopaedicscBy John Ebnezar aNew DelhibJaypee Brothers Medical publishersc2007 a380p.: ill. a3.95 aAccompanied by a CD-ROM aINJECTIONS, INTRA-ARTICULAR -- ATLASES aINJECTIONS -- METHODS -- ATLASES